=LDR 00000nam 2200000 4500 =001 INLIS000000000034849 =005 20130612140737 =008 ***********************************ind** =035 ##$$0010-061300000034849 =041 ##$$a ind =082 ##$$a 028.55 =090 ##$$a 028.55, Hid b =100 ##$$a Hidayat, Taufik =245 ##$$a Berlomba menembus angkasa/Taufik Hidayat; Editor, Arini Bakar =260 ##$$a 2007 $b Banten =300 ##$$a iv,64 hlm., Ilus., 28 cm =650 ##$$a Bacaan Kanak-kanak - Roket =700 ##$$a Bakar, Arini =850 ##$$a NBPNMAT